| 000 | 00735nam a2200229Ia 4500 | ||
|---|---|---|---|
| 003 | OSt | ||
| 005 | 20220925170525.0 | ||
| 006 | a|||||r|||| 00| 0 | ||
| 007 | ta | ||
| 008 | 220923b |||||||| |||| 00| 0 eng d | ||
| 037 | _cGeneral Book | ||
| 040 |
_aRTL _cRTL _beng |
||
| 041 |
_2eng _aeng |
||
| 082 | _aY:4:6.4.N7, L0/UN | ||
| 100 |
_aFlorendo Soledad A _9237163 |
||
| 245 | 0 | _aRoles of voluntary agencies in social welfare programmes in the Ecafe region | |
| 260 |
_aBangkok _bUnited Nations _c1970 |
||
| 300 |
_a79p _ccm. |
||
| 490 | _aUnited Nations, Economic Commission for Asia the Far East Publication | ||
| 942 |
_hY:4:6.4.N7, L0/UN _cGB _2CC |
||
| 999 |
_c480359 _d480359 |
||